Madrid y sus anhelos urbanísticos (Record no. 66816)

MARC details
000 -LEADER
campo de control de longitud fija 00996nam a2200253 i 4500
001 - NÚMERO DE CONTROL
campo de control 66816
003 - IDENTIFICADOR DE NÚMERO DE CONTROL
campo de control ES-MaACL
005 - FECHA Y HORA DE LA ÚLTIMA TRANSACCIÓN
campo de control 20231207063014.0
007 - CAMPO FIJO DE DESCRIPCIÓN FÍSICA--INFORMACIÓN GENERAL
campo de control de longitud fija t|
008 - DATOS DE LONGITUD FIJA--INFORMACIÓN GENERAL
campo de control de longitud fija 040402s2003 sp ||||1| spa d
020 ## - NÚMERO INTERNACIONAL ESTÁNDAR DEL LIBRO
Número Internacional Estándar del Libro 84-45123-67-X
080 ## - NÚMERO DE LA CLASIFICACIÓN DECIMAL UNIVERSAL
Número de la Clasificación Decimal Universal 72Zuazo
100 1# - ENTRADA PRINCIPAL--NOMBRE DE PERSONA
Nombre de persona Zuazo Ugalde, Secundino,
Fechas asociadas al nombre 1887-1970
9 (RLIN) 118385
245 10 - MENCIÓN DEL TÍTULO
Título Madrid y sus anhelos urbanísticos
Resto del título : memorias inéditas de Secundino Zuazo, 1919-1940 /
Mención de responsabilidad, etc. introducción y edición de Carlos Sambricio.
260 ## - PUBLICACIÓN, DISTRIBUCIÓN, ETC.
Lugar de publicación, distribución, etc. Madrid (Comunidad Autónoma) :
Nombre del editor, distribuidor, etc. Dirección General de Urbanismo y Planificación Regional,
Fecha de publicación, distribución, etc. [2003]
300 ## - DESCRIPCIÓN FÍSICA
Extensión 421 p. :
Otras características físicas il. ;
Dimensiones 28 cm.
500 ## - NOTA GENERAL
Nota general Indices.
600 14 - PUNTO DE ACCESO ADICIONAL DE MATERIA--NOMBRE DE PERSONA
Nombre de persona Zuazo Ugalde, Secundino-
Subdivisión de forma Memorias.
9 (RLIN) 118386
651 #4 - PUNTO DE ACCESO ADICIONAL DE MATERIA--NOMBRE GEOGRÁFICO
Nombre geográfico Urbanismo-
Subdivisión geográfica Madrid-
Subdivisión cronológica S.XX.
9 (RLIN) 179439
700 1# - ENTRADA AGREGADA--NOMBRE PERSONAL
Nombre de persona Sambricio, Carlos.
9 (RLIN) 102170
710 1# - ENTRADA AGREGADA--NOMBRE DE ENTIDAD CORPORATIVA
Nombre de entidad corporativa o nombre de jurisdicción como elemento de entrada Madrid (Comunidad Autónoma).
Unidad subordinada Dirección General de Urbanismo y Planificación Regional.
9 (RLIN) 5618
852 ## - LOCALIZACIÓN
Ubicación ES-MaACL
Número de control de estantería L-27268
Sublocalización o colección R.132901
Holdings
Estatus retirado Estado de pérdida Estado de daño No para préstamo Biblioteca de origen Biblioteca actual Ubicación en estantería Fecha de adquisición Fuente de adquisición Total de préstamos Signatura topográfica completa Código de barras Visto por última vez Precio de reemplazo Tipo de ítem Koha
        Biblioteca del Ateneo de Madrid Biblioteca del Ateneo de Madrid Depósito 2 17/01/2008     L-27268 1069983 23/02/2023 23/02/2023 Libro impreso